Espanja - matkustus - Statistics

Yleistilastot
  • Tätä visaa on pelattu 37 kertaa
  • Keskiarvotulos 12 / 25
Vastaustilastot
Hint Vastaus % Oikein
auto coche
88%
passi pasaporte
88%
juna tren
81%
lentokone avión
69%
turisti turista
69%
asema estación
63%
paikallinen local
63%
kartta mapa
63%
natiivi nativo
63%
loma vacación
63%
lippu billete
50%
palmu palmera
50%
lento vuelo
50%
retki excursión
44%
meno-paluu ida y vuelta
44%
valuutta moneda
44%
varjo sombrilla
44%
matkatavarat equipaje
31%
välilasku escala
31%
mopo novato
31%
tulli aduana
25%
majoitus alojamiento
19%
matkamuisto recuerdo
13%
henkilöllisyystodistus DNI documento nacional de identidad
6%
check in registrarse
6%
Ehtoja vastaavia visoja ei löytynyt
Tulosjakauma
Jokaisen tuloksen saaneiden osuus
Persentiili vastausten määrän mukaan
Tuloshistoriasi
Et ole pelannut tätä visaa